000 00386nam a2200145Ia 4500
008 230917s9999||||xx |||||||||||||| ||und||
040 _e58298
_aMAIN
041 _aEnglish
082 _a330.1543 K141E
100 _aKaplish, B M
245 0 _aElements of mathematics and statistics for economists
260 _aNew Delhi
_bMalhotra Book Depot
_c1973
300 _av. p.
942 _cBK
999 _c126599
_d126599